Comptes reudes de scances de 1877-(8-9-1880-1). (Record no. 46283)

MARC details
000 -LEADER
campo de control de longitud fija 00566nam a2200181 i 4500
001 - NÚMERO DE CONTROL
campo de control 46283
003 - IDENTIFICADOR DE NÚMERO DE CONTROL
campo de control ES-MaACL
005 - FECHA Y HORA DE LA ÚLTIMA TRANSACCIÓN
campo de control 20230906161345.0
007 - CAMPO FIJO DE DESCRIPCIÓN FÍSICA--INFORMACIÓN GENERAL
campo de control de longitud fija t|
008 - DATOS DE LONGITUD FIJA--INFORMACIÓN GENERAL
campo de control de longitud fija 030328s1878 fr ||||1| fre d
245 00 - MENCIÓN DEL TÍTULO
Título Comptes reudes de scances de 1877-(8-9-1880-1).
250 ## - MENCION DE EDICION
Mención de edición 4eme serie.
260 ## - PUBLICACIÓN, DISTRIBUCIÓN, ETC.
Lugar de publicación, distribución, etc. París :
Nombre del editor, distribuidor, etc. [s.n.,
Fecha de publicación, distribución, etc. 1878] (
Fabricante Imp. Nationale)
300 ## - DESCRIPCIÓN FÍSICA
Extensión 5 v. ;
Dimensiones 22 cm.
500 ## - NOTA GENERAL
Nota general Precede al tít.: Academie des Inscriptions et Belles Lettres.
710 2# - ENTRADA AGREGADA--NOMBRE DE ENTIDAD CORPORATIVA
Nombre de entidad corporativa o nombre de jurisdicción como elemento de entrada Académie des inscriptions et belles-lettres (Francia)
9 (RLIN) 1230
852 ## - LOCALIZACIÓN
Ubicación ES-MaACL
Número de control de estantería G-373-7
Holdings
Estatus retirado Estado de pérdida Estado de daño No para préstamo Colección Biblioteca de origen Biblioteca actual Ubicación en estantería Fecha de adquisición Fuente de adquisición Total de préstamos Signatura topográfica completa Código de barras Visto por última vez Precio de reemplazo Tipo de ítem Koha
        Libros del s. XIX Biblioteca del Ateneo de Madrid Biblioteca del Ateneo de Madrid Depósito 2 17/01/2008     G-373-7 1048680 23/02/2023 23/02/2023 Libro impreso antiguo